000
00292nam a2200121Ia 4500
008
220204s9999 xx 000 0 und d
082
_a
66-9
_b
SHR
100
_a
Shreve, R Norris
245
0
_a
Chemical process industries
250
_a
Ed.3
260
_a
Tokyo
_b
McGraw Hill
_c
1967
942
_c
BK
999
_c
24055
_d
24055